Loading...
| Science - Physics | 0 | 4 | 1 | 0 | 35 | 40 | 54.25 | 0 | 3 | 20.51 | 24.00 |
| Science - Other | 0 | 3 | 0 | 1 | 30 | 50 | 79.00 | 1 | 2 | 11.31 | 12.00 |
| Fine Arts - Classical Music | 0 | 2 | 1 | 0 | 15 | 70 | 83.50 | 0 | 1 | 5.45 | 8.00 |
| History - European | 0 | 2 | 1 | 1 | 15 | 70 | 81.50 | 0 | 0 | 3.04 | 4.21 |
| Fine Arts - Other | 0 | 1 | 0 | 0 | 10 | 81 | 81.00 | 0 | 1 | 2.89 | 8.00 |
| Literature - British | 0 | 1 | 0 | 0 | 10 | 80 | 80.00 | 1 | 1 | 2.26 | 6.67 |
| Literature - World | 0 | 1 | 0 | 0 | 10 | 87 | 87.00 | 0 | 1 | 2.37 | 8.00 |
| Mythology | 0 | 1 | 0 | 0 | 10 | 102 | 102.00 | 0 | 1 | 1.57 | 8.00 |
| Philosophy | 0 | 1 | 0 | 0 | 10 | 39 | 39.00 | 0 | 1 | 9.03 | 8.57 |
| Popular Culture | 0 | 1 | 0 | 0 | 10 | 34 | 34.00 | 0 | 0 | 11.52 | 6.67 |
| Science - Biology | 0 | 1 | 0 | 0 | 10 | 85 | 85.00 | 0 | 1 | 1.33 | 6.00 |
| Science - Chemistry | 0 | 1 | 0 | 0 | 10 | 61 | 61.00 | 0 | 1 | 4.13 | 6.00 |
| History - World | 0 | 1 | 0 | 0 | 10 | 25 | 25.00 | 0 | 1 | 7.81 | 8.00 |
| History - Other | 0 | 0 | 2 | 0 | -10 | 0.00 | 0 | 0 | 0.00 | 0.00 |